书目信息 |
| 题名: |
贺兰山房
|
|
| 作者: | ;艾克斯星谷公司 编著 | |
| 分册: | ||
| 出版信息: | 北京 中国人民大学出版社 2004 |
|
| 页数: | 348页 | |
| 开本: | 25cm | |
| 丛书名: | 朗朗书房 | |
| 单 册: | ||
| 中图分类: | TU-862 | |
| 科图分类: | ||
| 主题词: | 建筑艺术--中国--文集 | |
| 电子资源: | ||
| ISBN: | 7-300-05770-5 | |
| 000 | 00778nam0 2200253 450 | |
| 001 | TS2006028290 | |
| 005 | 20070120100334.45 | |
| 010 | @a7-300-05770-5@dCNY80.00 | |
| 100 | @a20060829d2004 em y0chiy0110 ea | |
| 101 | 0 | @achi |
| 102 | @aCN@b110000 | |
| 105 | @aa z 000yy | |
| 200 | 1 | @a贺兰山房@Ahe lan shan fang@e艺术家的意志@f艾克斯星谷公司编著 |
| 210 | @a北京@c中国人民大学出版社@d2004 | |
| 215 | @a348页@c照片,图@d25cm | |
| 225 | 2 | @a朗朗书房 |
| 410 | 0 | @1001002507471@12001 @a朗朗书房 |
| 510 | 1 | @aHopeland Artist's Will@zeng |
| 517 | 1 | @a艺术家的意志@Ayi shu jia de yi zhi |
| 606 | 0 | @a建筑艺术@y中国@x文集 |
| 690 | @aTU-862@v4 | |
| 711 | 02 | @a艾克斯星谷公司@Aai ke si xing gu gong si@4编著 |
| 801 | 0 | @aCN@b中图数据@c20070120 |
| 905 | @a10447@dTU-862@e57 | |
| 贺兰山房:艺术家的意志/艾克斯星谷公司编著.-北京:中国人民大学出版社,2004 |
| 348页:照片,图;25cm.-(朗朗书房) |
| ISBN 7-300-05770-5:CNY80.00 |
| ● |
| 相关链接 |
|
|
|
|
正题名:贺兰山房
索取号:TU-862/57
 
预约/预借
| 序号 | 登录号 | 条形码 | 馆藏地/架位号 | 状态 | 备注 |
| 1 | 0618098 | 206180988 | 第二样本阅览室/ [索取号:TU-862/57] | 在馆 | |
| 2 | 0618099 | 206180997 | 第三借阅区/ [索取号:TU-862/57] | 在馆 | |
| 3 | 0618100 | 206181004 | 第三借阅区/ [索取号:TU-862/57] | 在馆 |